000 00561nam a22001817a 4500
005 20130528120126.0
010 _aENG-107211
020 _a9788183714631
_c410.00
035 _aEN-90744
037 _bDBAD/PUB
082 _a000
100 _aRao, Udayagiri Mohan
245 0 0 _aQuantitative aptitude for competitive examinations /
_cby Udayagiri Mohan Rao
260 _aChennai
_bScitech Publications
_c2012
270 _a7/3C, Madley Road, T. Nagar
_bChennai
_e600017
300 _avarious pagings
_c22cm(pbk)
942 _2ddc
_cEN
_mRAO
_h000
999 _c75847
_d75847